header

Foreign direct investment in three regions of the South at the end of the twentieth century (Record no. 1290)

MARC details
000 -LEADER
fixed length control field 01383nam a2200349 a 4500
082 04 - DEWEY DECIMAL CLASSIFICATION NUMBER
Classification number 332.673091724
100 1# - MAIN ENTRY--AUTHOR NAME
Personal name McMillan, Susan M.,
245 10 - TITLE STATEMENT
Title Foreign direct investment in three regions of the South at the end of the twentieth century
260 ## - PUBLICATION, DISTRIBUTION, ETC. (IMPRINT)
Place of publication Basingstoke :
Name of publisher MacMillan,
Year of publication 1999.
300 ## - PHYSICAL DESCRIPTION
Number of Pages xiii, 179 p.
490 1# - SERIES STATEMENT
Series statement International political economy series
650 #0 - SUBJECT ADDED ENTRY--TOPICAL TERM
Topical Term Investments, Foreign
856 40 - ELECTRONIC LOCATION AND ACCESS
Uniform Resource Identifier http://site.ebrary.com/lib/rucke/Doc?id=5001683

No items available.

© 2026 Rongo University
Contact us: librarian | system librarian | Rongo university